Anandmath / (Record no. 168892)

MARC details
000 -LEADER
fixed length control field 00508nam a22001817a 4500
005 - DATE AND TIME OF LATEST TRANSACTION
control field 20191030171223.0
010 ## - LCCN (DPL NO)
LC control number ENG-126749
020 ## - INTERNATIONAL STANDARD BOOK NUMBER
International Standard Book Number 9788184305524
Terms of availability 300.00
035 ## - SYSTEM CONTROL NUMBER
System control number EN-110281
037 ## - SOURCE OF ACQUISITION
Source of stock number/acquisition DBAD/PUB
082 ## - DEWEY DECIMAL CLASSIFICATION NUMBER
Classification number N
100 ## - MAIN ENTRY--PERSONAL NAME
Personal name Chatterjee, Bankim Chandra
245 ## - TITLE STATEMENT
Title Anandmath /
Statement of responsibility, etc by Bankim Chandra Chatterjee
260 ## - PUBLICATION, DISTRIBUTION, ETC. (IMPRINT)
Place of publication, distribution, etc New Delhi
Name of publisher, distributor, etc Ocean Books
Date of publication, distribution, etc 2018
270 ## - ADDRESS
Address 4/19, Asaf Ali Road
City New Delhi
Postal code 110002
Electronic mail address info@oceanbooks.in
300 ## - PHYSICAL DESCRIPTION
Extent 144p.
Dimensions 22cm(Hb)
942 ## - ADDED ENTRY ELEMENTS (KOHA)
Source of classification or shelving scheme Dewey Decimal Classification
Item type English Books
Classification part N
Call number suffix CHA
Holdings
Withdrawn status Lost status Not for loan Collection code Home library Current library Date acquired Source of acquisition Cost, normal purchase price Full call number Barcode Copy number Cost, replacement price Koha item type
      Fiction Central Library Central Library 30/10/2019 DBAD/PUB 300.00 N CHA EN-110281 1 300.00 English Books

© Delhi Public Library
Hit Counter
free hit counter